000 01356nam a2200325 a 4500
001 ebr10231102
003 CaPaEBR
006 m u
007 cr cn|||||||||
008 731226s1959 mnua sb 001 0 eng d
010 _z 59008775
020 _z9780816601844
020 _z9780816663187
040 _aCaPaEBR
_cCaPaEBR
035 _a(OCoLC)233576006
050 1 4 _aRC424
_b.J763 1959eb
082 0 4 _a616.8554
100 1 _aJohnson, Wendell,
_d1906-1965.
245 1 4 _aThe onset of stuttering
_h[electronic resource] :
_bresearch findings and implications /
_c[by] Wendell Johnson and associates ; Richard M. Boehmler ... [et al.].
260 _aMinneapolis :
_bUniversity of Minnesota Press,
_c[1959]
300 _aix, 276, 243 p. :
_bill.
504 _aIncludes bibliographical references and index.
505 0 _apt. 1. The earlier studies -- pt. 2. Study III -- pt. 3. Summary and conclusions.
533 _aElectronic reproduction.
_bPalo Alto, Calif. :
_cebrary,
_d2013.
_nAvailable via World Wide Web.
_nAccess may be limited to ebrary affiliated libraries.
650 0 _aStuttering.
655 7 _aElectronic books.
_2local
700 1 _aBoehmler, Richard M.
710 2 _aebrary, Inc.
856 4 0 _uhttp://site.ebrary.com/lib/rucke/Doc?id=10231102
_zAn electronic book accessible through the World Wide Web; click to view
999 _c39502
_d39502